000
00353nam a2200169Ia 4500
100
_a
Andleigh/P.K/ Thakrar/K
650
_a
Multimedia
942
_c
BK
366
_f
25
654
_a
multimedia
245
_a
Multimedia system design
260
_b
prentice hall
_c
1986
082
_a
4.65
_b
AND
300
_a
654
546
_a
ENGLISH
999
_c
18424
_d
18424